Obludnosť deštruktívnosti globálneho kapitalizmu vo vojne proti Líbyi

Líbyjská vzbura je spojená s viacerými zvláštnosťami, ktoré z nej urobili unikátny politický a bezpečnostný fenomén. V prvom rade ide o jej širší medzinárodnopolitický rámec, bez ktorého by ako vnútroštátny problém asi pomerne rýchlo skončila bez úspechu. Boj o ropu.

Na minha lista:
Detalhes bibliográficos
Autor principal: Škvrnda, František
Formato: Capítulo de Livro
Idioma:eslovaco
Assuntos:
Tags: Adicionar Tag
Sem tags, seja o primeiro a adicionar uma tag!

MARC

LEADER 00000naa a2200000 4500
001 0136679
005 20240502072530.4
041 0 |a slo 
044 |a SK 
245 1 0 |a Obludnosť deštruktívnosti globálneho kapitalizmu vo vojne proti Líbyi  |c František Škvrnda 
520 |a Líbyjská vzbura je spojená s viacerými zvláštnosťami, ktoré z nej urobili unikátny politický a bezpečnostný fenomén. V prvom rade ide o jej širší medzinárodnopolitický rámec, bez ktorého by ako vnútroštátny problém asi pomerne rýchlo skončila bez úspechu. Boj o ropu. 
610 2 0 |a Líbya 
610 2 0 |a politika vnútorná 
610 2 0 |a politika hospodárska medzinárodná 
610 2 0 |a politika svetová 
100 1 |a Škvrnda, František